On Teams / If You Read Nothing Else on Building Better Teams and Read The Definitive Articles from Harvard Business Review (Record no. 9749)
[ view plain ]
| 000 -LEADER | |
|---|---|
| fixed length control field | 00897cam a22001814a 4500 |
| 005 - ΗΜΕΡΟΜΗΝΙΑ ΚΑΙ ΩΡΑ ΤΕΛΕΥΤΑΙΑΣ ΕΝΗΜΕΡΩΣΗΣ | |
| Πεδίο ελέγχου | 20250605163721.0 |
| 008 - FIXED-LENGTH DATA ELEMENTS--GENERAL INFORMATION | |
| Πεδίο ελέγχου σταθερού μήκους | 250528s ||||||||||||||||||||||||d |
| 035 ## - SYSTEM CONTROL NUMBER | |
| System control number | 24917 |
| 020 ## - ISBN | |
| ISBN | 9781422189870 |
| 040 ## - ΠΗΓΗ ΚΑΤΑΛΟΓΟΓΡΑΦΗΣΗΣ | |
| Φορέας πρωτότυπης καταλογογράφησης | MC Athens Campus Library |
| Γλώσσα καταλογογράφησης | Ελληνικά, Μοντέρνα (1453-) |
| Modifying agency | MC Athens Campus Library |
| Κανόνες περιγραφικής καταλογογράφησης | AACR2 |
| 245 1# - ΤΙΤΛΟΣ ΚΑΙ ΔΗΛΩΣΗ ΥΠΕΥΘΥΝΟΤΗΤΑΣ | |
| Τίτλος | On Teams / If You Read Nothing Else on Building Better Teams and Read The Definitive Articles from Harvard Business Review |
| 260 ## - PUBLICATION, DISTRIBUTION, ETC. | |
| Name of publisher, distributor, etc. | Harvard Business Review Press, |
| Date of publication, distribution, etc. | 2013 |
| 300 ## - PHYSICAL DESCRIPTION | |
| Extent | 200 |
| 520 ## - SUMMARY, ETC. | |
| Summary, etc. | The New Science of Building Great Teams, Why Teams Don't Work: An Interview With J. Richard Hackman, The Discipline of Teams, Eight Ways to Build Collaborative Teams, The Powers of Small Wins, Building the Emotional Intelligence of Groups, Managing Multicultural Teams, When Teams Can't Decide, Virtuoso Teams, How Management Teams Can Have a Good Fight, Index. |
| 942 ## - ADDED ENTRY ELEMENTS (KOHA) | |
| Koha item type | Books |
| Τύπος τεκμηρίου | Βιβλιοθήκη | Τρέχουσα τοποθεσία | Barcode | Αριθμός εισαγωγής | Ημερομηνία απόκτησης | Ταξιθετικό σύμβολο | Αριθμός αντιτύπου | Κατάσταση απόσυρσης | Κατάσταση χαμένου | Κατάσταση κατεστραμμένου | Μη δανεισμός | Σύνολο δανεισμών | Ημερομηνία τελευταίας εμφάνισης | Η τιμή ισχύει από |
|---|---|---|---|---|---|---|---|---|---|---|---|---|---|---|
| Books | MC Athens Campus Library | MC Athens Campus Library | 9780000097484 | 7848 | 05/06/2025 | REF 658.4/022 HBR | 1 | 05/06/2025 | 05/06/2025 |